[Event "EU-Cup 14th final"]
[Site "Belgrade"]
[Date "1999.01.12"]
[Round "2"]
[White "Krasenkow, Michal"]
[Black "Smirin, Ilia"]
[Result "1-0"]
[WhiteElo "2643"]
[BlackElo "2652"]
[Annotator "Huzman,A"]
[PlyCount "63"]
[EventDate "1999.01.11"]
[EventType "team-k.o."]
[EventRounds "3"]
[EventCountry "YUG"]
[SourceTitle "EXT 2020"]
[Source "ChessBase"]
[SourceDate "2019.10.17"]
[SourceVersion "1"]
[SourceVersionDate "2019.10.17"]
[SourceQuality "1"]
[WhiteTeam "Gorzow Stilon Welkopolski"]
[BlackTeam "Petah-Tikva Elitzur"]
[WhiteTeamCountry "POL"]
[BlackTeamCountry "ISR"]

1. d4 Nf6 2. Nf3 g6 3. c4 Bg7 4. Nc3 O-O 5. e4 d6 6. h3 Na6 7. Bg5 Qe8 8. g4 e5
(8... Kh8 9. Be2 e5 10. d5 Bd7 11. Nd2 Ng8 12. Rg1 Nc5 13. h4 f5 14. gxf5 gxf5
15. exf5 e4 16. Be3 Bxf5 17. Nb3 Nd3+ 18. Bxd3 exd3 19. Qf3 Bg6 20. Qg2 Bxc3+
21. bxc3 Qe5 22. Kd2 Nf6 23. f3 b5 24. h5 $1 {+/- 1-0 Krasenkow,M-Sutovskij,E/
Pamplona 1998/CBM 69_07 (30)}) 9. d5 Nd7 $6 (9... Nc5 10. Nd2 a5) 10. Rg1 Ndc5
11. a3 $1 Bd7 12. b4 Na4 13. Nb5 {+/-} Nb6 14. Qd3 Kh8 15. Be2 f6 (15... f5 16.
gxf5 gxf5 17. Nd2 Qf7 18. O-O-O {+/-}) 16. Bd2 f5 17. gxf5 gxf5 18. O-O-O Qe7 (
18... fxe4 19. Qxe4 Bf5 20. Qh4 Qd7 21. Rg3 $36 {>>}) 19. Ng5 fxe4 $2 (19... h6
$5 20. Ne6 (20. Nf3 c6 $5 21. Nc3 (21. dxc6 $140 fxe4 22. Qxe4 Bxc6) 21... fxe4
22. Qxe4 (22. Nxe4) 22... Bf5 23. Qh4 Qxh4 24. Nxh4 {+=}) 20... Bxe6 21. dxe6
Qxe6 22. Nc3 {~=}) 20. Nxe4 Bf5 21. Nbc3 {+/-} Qh4 22. Bg4 $1 Bg6 23. Be6 $5 (
23. Rg2 $5 {+/-}) 23... Rxf2 24. Rxg6 $1 (24. Rg4 $5 Qh5 (24... Qe7 25. Rxg6
Rxd2 26. Nxd2 hxg6 27. Qxg6 {+-}) 25. Qg3 $1 Rf4 $1 (25... Rxd2 26. Nxd2 e4 27.
Ncxe4 {+-}) 26. Bxf4 exf4 27. Qd3 (27. Rxf4 Qe5 $1 (27... Bh6 28. Nd2 Bxf4 29.
Qxf4 {+/-}) 28. Rdf1 (28. Rg4 Qxg3 29. Rxg3 Nxc4 {~=}) 28... Nxc4 {~=}) 27...
Qe5 {~=}) 24... Rxd2 25. Nxd2 hxg6 26. Qxg6 Bh6 $2 (26... Rf8 27. Rg1 Qh7 (
27... Bh6 28. Kb1 $1) (27... Qh6 $142 28. Kc2 {+/-}) 28. Qxh7+ Kxh7 29. Nce4 {
+/-}) 27. Rg1 $1 {+-} Nxc4 28. Kc2 $1 Nxa3+ 29. Kd1 Qf4 30. Nce4 $1 Nc4 31. Bg8
Ne3+ 32. Kc1 1-0

[Event "Rubinstein Memorial 37th"]
[Site "Polanica Zdroj"]
[Date "2000.08.21"]
[Round "5"]
[White "Krasenkow, Michal"]
[Black "Almasi, Zoltan"]
[Result "1-0"]
[WhiteElo "2702"]
[BlackElo "2668"]
[Annotator "Lutz,C"]
[PlyCount "99"]
[EventDate "2000.08.17"]
[EventType "tourn"]
[EventRounds "9"]
[EventCountry "POL"]
[EventCategory "17"]
[SourceTitle "CBM 079"]
[Source "ChessBase"]
[SourceDate "2000.11.21"]
[SourceVersion "1"]
[SourceVersionDate "2000.11.21"]
[SourceQuality "1"]

1. Nf3 d5 2. c4 c6 3. e3 Nf6 4. Nc3 e6 5. d4 Nbd7 6. Bd3 dxc4 7. Bxc4 b5 8. Bd3
Bb7 9. O-O a6 10. e4 c5 11. d5 Qc7 12. dxe6 fxe6 13. Bc2 Bd6 {Dreevs Variante}
14. Ng5 Nf8 15. f4 O-O-O 16. Qe1 e5 17. Nd5 {Krasenkow greift eine Idee auf,
die in Piket,J-Khalifman,A (Dortmund 2000) zerst gespielt wurde. Wie Krasenkow
in "New In Chess" 6/2000 schreibt, wurde diese Partie bei einem Treffen der
polnischen Nationalmannschaft unter Leitung von GM Mikhalchishin analysiert.
Im weiteren Verlauf stütze ich mich auf die Analysen Krasenkows.} Nxd5 $146 (
17... Bxd5 18. exd5 exf4 19. Bd2 Re8 20. Qh4 Ng6 21. Qh3+ Kb8 22. a4 b4 23.
Rad1 c4 24. Ne6 Qb6+ 25. Kh1 Nxd5 26. Nxg7 Re3 $5 27. Bxe3 Nxe3 28. a5 $5 $40 {
1/2-1/2 Piket,J-Khalifman,A/Dortmund 2000/CBM 78_02/[Lutz] (34)}) 18. exd5 exf4
(18... Bxd5 19. Bd2 $1 {, z.B.} Re8 (19... c4 20. Ba5 Qc5+ 21. Kh1 $44) 20. Rd1
Nd7 (20... Bb7 21. Ne4 $40) 21. Ba5 Qc6 22. Qd2 Nf6 23. Nxh7 $16) 19. Bd2 $1 {
Ein kleiner, unangenehmer Stich, der wegen der Drohung Ba5 eine Schwächung
provoziert.} b4 (19... Qd7 {kann den Verlust der Qualität nicht verhindern:}
20. Ba5 Re8 (20... Bc7 21. Rd1 $36 {, und der d-Bauer wird lästig.}) 21. Bf5 $1
Rxe1 22. Bxd7+ Nxd7 (22... Kxd7 23. Rfxe1 Bxd5 24. Rad1 $18) 23. Rfxe1 $16 {/\}
Bxd5 24. Rad1 Nf6 25. Bc3) 20. Rc1 Kb8 21. Bb3 {/\ Bb4} a5 (21... Qb6 22. Qf2 {
/\ Nf7}) 22. a3 (22. Ne4 $6 Re8) 22... Ng6 $5 {Schwarz entschließt sich, die
Qualität zu opfern, um seine Entwicklung zu vollenden. Er muss schnell handeln,
da er am Dameflügel unter Druck gerät.} (22... h6 23. Ne4 Re8 24. axb4 axb4 25.
Ba4 {nebst Bxb4}) 23. axb4 axb4 (23... Qb6 {wird von Krasenkow als verfrüht
verworfen:} 24. Qf2 $1 Ne5 (24... axb4 25. Nf7) 25. bxc5 Qxb3 26. Bxf4 $40) 24.
Ne6 Qb6 25. Nxd8 ({Vielleicht muss Weiß nicht die Qualität nehmen:} 25. Qf2 $5
{ist interessant, um, gestützt auf den starken Ne6, den Pc5 zu erobern.} Rc8
26. Rc2 $5 Rhe8 27. Rfc1 $36) 25... Rxd8 26. Bc4 Be5 (26... Bc7 $5 {[%csl Rd5,
Rh2][%cal Yb6d6,Yd6h2,Yd6d5,Yf4f3] mit der Idee ...Dd6 nebst ...f4-f3 wurde
von beiden Spielern nach der Partie analysiert. Laut Krasenkow fanden sie
keinen weißen Vorteil.}) 27. Rd1 Qd6 28. Qe2 f3 $6 {Almasi verliert hier den
Faden.} (28... Rf8 $44 {"mit vernünftiger Kompensation für die Qualität" 
(Krasenkow). In der Tat kommt der kleine weiße Materialvorteil kaum zum Tragen,
da seinen Türmen die Betätigung fehlt.}) 29. gxf3 Bxb2 (29... Rf8 $142 {
Krasenkow}) 30. Bxb4 cxb4 31. Qxb2 $16 Ne5 32. Be2 Qc5+ 33. Kh1 Qc3 34. Rb1
Qxb2 35. Rxb2 Rxd5 36. Rxb4 Kc7 37. Rc1+ Bc6 38. Kg1 Kd7 39. f4 Nd3 40. Bxd3
Rxd3 41. f5 Rd6 42. Rh4 Ke7 43. Rxh7 Kf6 44. Rc5 Be4 45. Rh8 Rd7 46. Kf2 Rd5
47. Rxd5 Bxd5 48. Ke3 Kxf5 49. Rh5+ Ke6 50. Rg5 1-0

[Event "Rubinstein Memorial 37th"]
[Site "Polanica Zdroj"]
[Date "2000.08.24"]
[Round "7"]
[White "Krasenkow, Michal"]
[Black "Svidler, Peter"]
[Result "1-0"]
[WhiteElo "2702"]
[BlackElo "2689"]
[Annotator "Krasenkow,M"]
[PlyCount "81"]
[EventDate "2000.08.17"]
[EventType "tourn"]
[EventRounds "9"]
[EventCountry "POL"]
[EventCategory "17"]
[SourceTitle "CBM 079"]
[Source "ChessBase"]
[SourceDate "2000.11.21"]
[SourceVersion "1"]
[SourceVersionDate "2000.11.21"]
[SourceQuality "1"]

1. d4 Nf6 2. c4 g6 3. Nc3 d5 4. cxd5 Nxd5 5. e4 Nxc3 6. bxc3 Bg7 7. Nf3 c5 8.
Rb1 O-O 9. Be2 cxd4 10. cxd4 Qa5+ 11. Bd2 Qxa2 12. O-O Bg4 13. Bg5 h6 14. Be3
Nc6 15. d5 Bxf3 ({After} 15... Ne5 {was put into doubt in Khalifman-Leko 
(Linares, 2000 - see CBM75), Black started to look for alternatives. The text
move is the most obvious one.}) 16. gxf3 (16. Bxf3 Ne5 17. Rxb7 a5 $1 {leads
to an almost a forced draw (see Van Wely-Svidler in this issue).}) {The text
move leads to more interesting play but doesn't guarantee White any advantage.}
16... Nd4 17. Bd3 (17. Bxd4 $5 Bxd4 18. Qxd4 Qxe2 19. Kg2 {deserves attention
but after, say,} Qa6 {Black shouldn't lose. Therefore White avoids exchanges
planning to encircle Black's d4 knight.}) 17... Qa3 $5 {A good idea - to
prevent 18.Rb4 and bring the queen back to defense.} (17... b6 $5 18. Rb4 e5 {
deserved attention, too.}) 18. f4 Qd6 19. Rxb7 (19. Bc4 {is not dangerous in
view of} Rfc8 (19... b5 $5 20. Ba2 Qa3) 20. e5 Qd7 21. Qxd4 Qg4+ {with a
perpetual check.}) 19... Rfb8 20. Qb1 {White must let the black knight go.}
Nf3+ 21. Kg2 Nh4+ 22. Kh1 g5 $2 {But this plan is wrong. Black's own king will
be in bigger jeopardy than its white counterpart.} (22... a5 23. Rc1 {would be
favorable for White, too. Black should probably play}) (22... e6 $1 23. Bxa7 (
23. dxe6 fxe6) 23... Rxb7 24. Qxb7 Rd8 {with a satisfactory position} ({but not
} 24... Rxa7 $6 25. Qxa7 Qxf4 26. Qe3)) 23. Rg1 $1 {[%csl Rg8][%cal Rg1g8]}
gxf4 {Black's position is already difficult. If} (23... Nf3 {then} 24. Rg3 gxf4
$140 25. Bc5) 24. Bc5 Qe5 25. Bd4 $6 {This "showy" move seriously complicates
White's task. After the simple} (25. Bxe7 {White easily wins, e.g.} Ng6 (25...
Nf3 26. Bf6 $1 $18) (25... Rxb7 26. Qxb7 Rb8 27. Bf6 $1 $18) 26. d6 Re8 27. Bb5
Rxe7 28. dxe7 Nxe7 29. Bc4 $1 {and Black will not survive long.}) 25... Rxb7 ({
better than} 25... Qxd4 26. Rxb8+ Rxb8 27. Qxb8+ Kh7 28. Qb1) 26. Qxb7 Qxd4 27.
Qxa8+ Kh7 28. Bb1 Qe5 (28... Qxf2 29. e5+ Ng6 {loses due to} 30. d6 $1 exd6 31.
Bxg6+ fxg6 32. Qe4 Kh8 33. exd6 {I didn't take the text move seriously, hoping
to "cope" with it somehow. However, things were more difficult than I expected.
}) 29. Qe8 Nf3 30. Rc1 (30. Rd1 $1 {was more accurate. I was afraid of} Nxh2 (
30... Kg6 {loses to} 31. d6 $1 exd6 32. Rxd6+ $1) {but it is just a
mosquito-bite:} 31. Qxf7 Ng4 32. Kg2 Nf6 33. Rg1 $1 $18) 30... Kg6 $5 {[%cal
Yg6g5,Yg5h4] To liberate his queen, the black king sets off for a journey.
With considerable help of White, the journey perfectly succeeds!} 31. Rc6+ Bf6
32. Qg8+ Kh5 33. Qxf7+ Kh4 34. Qg6 $4 {A bad slip.} (34. Qh7 $1 {was correct.
34...Bg5 is now impossible, and otherwise Black can't create any counterplay:}
Qg5 (34... h5 35. Qf5 $1) 35. Rc1 Kh3 (35... Qh5 36. Qf5 Bg5 37. Kg2 $18) (
35... Nd4 36. Rg1 Qh5 37. Qg6 Qf3+ 38. Qg2) 36. Qf5+ Qxf5 37. exf5 Nxh2 38. Rc4
$1 f3 39. Kg1 {and White should win this endgame.}) 34... Bg5 $1 {[%csl Rh1]
Unexpectedly, the black king is safe and it is the white one in trouble!} 35.
Kg2 {What else?} (35. Qh7 {is now useless because of} h5) (35. Rc1 Qb2 36. Qc6
Qxf2 37. Qc2 {doesn't help due to} Nd2) 35... Nd4 {Amazingly, there is no
final blow in sight:} (35... Qd4 36. Qh7 $1 {[%cal Rc6h6,Yc6c1]} (36. Rc1 $2
Ne5 {[%cal Rf4f3,Re5g6]}) 36... h5 37. Rc1 Ne5 38. Rf1) (35... Ne1+ 36. Kf1 f3
(36... Nf3 $11) 37. Kg1 Qd4 (37... Ng2 38. Qf5) 38. Qh7 h5 39. Rh6 Bxh6 40.
Qxe7+ Kg4 (40... Bg5 $2 41. Qd6 $18) 41. Qe6+ Kg5 42. Qe7+ $11) (35... Nd2 36.
Qf5 $1 (36. Rc1 $2 Qb2 37. Rg1 Qb3 $19) 36... Qxf5 (36... f3+ 37. Kg1 Qb2 38.
e5) 37. exf5 f3+ 38. Kg1 Nxb1 39. Re6 $1 {[%cal Yd5d6,Yf5f6] and White saves
the game by a break d5-d6 or f5-f6} ({but not at once} 39. d6 $6 exd6 40. Rxd6
Kh5 {and the pawn is stopped})) 36. f3 {The simplest defense.} (36. Rc8 $2 {
loses:} f3+ 37. Kh1 Qf4 38. e5 Kh3) (36. Rc4 {was also enough for a draw:} f3+
37. Kh1 Qf4 (37... Qb8 $2 38. e5) 38. e5 Qg4 (38... Kh3 $6 39. Qh5+ Bh4 40.
Bf5+ Qxf5 41. Qxf5+ Nxf5 42. Rf4) 39. Rxd4 Qxd4 40. Qe4+ $11) 36... Qb8 $2 {
In his striving for a win, Black oversteppes the limit of risk.} (36... Nxc6 {
led to a draw:} 37. Qxc6 Bf6 38. Qc2 $11) 37. e5 $1 {Peter said later that he
had taken this idea into account in all positions except... this particular
one! The white queen enters the game defending his king and starting bothering
the black one. Now, if Black takes the rook, White can recapture with the pawn,
creating a strong passed pawn.} Qxe5 (37... Qb2+ 38. Bc2 Qb4 39. Qd3 $18) 38.
Qe4 Nxc6 $2 {Black is completely bewildered. After} (38... Qxe4 39. Bxe4 Nb5 {
it was still difficult for White to win the endgame} (39... e6 $6 40. Rc4 $1))
39. dxc6 {[%csl Gc6,Rh4]} Bf6 40. c7 $1 Qxc7 41. Qe1+ {Black resigned as after}
(41. Qe1+ Kg5 42. h4+ Kh5 43. Qe6 {he is mated.}) 1-0

[Event "Tan Chin Nam Cup 7th"]
[Site "Shanghai"]
[Date "2001.07.10"]
[Round "2"]
[White "Krasenkow, Michal"]
[Black "Dreev, Alexey"]
[Result "1-0"]
[WhiteElo "2573"]
[BlackElo "2690"]
[Annotator "Lutz,C"]
[PlyCount "81"]
[EventDate "2001.07.09"]
[EventType "tourn"]
[EventRounds "9"]
[EventCountry "CHN"]
[EventCategory "16"]
[SourceTitle "CBM 085"]
[Source "ChessBase"]
[SourceDate "2001.11.13"]
[SourceVersion "1"]
[SourceVersionDate "2001.11.13"]
[SourceQuality "1"]

1. d4 d5 2. c4 c6 3. Nc3 Nf6 4. Nf3 e6 5. e3 Nbd7 6. Bd3 dxc4 7. Bxc4 b5 8. Bd3
Bb7 9. a3 Bd6 $5 {Führt zu vollerem Spiel als 9...b4.} (9... b4 {führt zu sehr
mikroskopischem Vorteil für Weiß.}) 10. b4 {Die prinzipiellste Fortsetzung.
Weiß legt den Pc6 fest, allerdings wird der Pb4 selbst zur Schwäche.} (10. O-O
O-O 11. Bd2 e5 (11... Qe7 12. Qc2 h6 13. Ne2 Rfc8 14. b4 a5 15. e4 e5 16. Qb2
Re8 17. Bc3 {1/2-1/2 Makarov,M-Novikov,I/Novgorod 1995/EXT 2000 (17)}) 12. Qc2
Qe7 13. Ng5 $1 $14 {1/2-1/2 Lautier,J-Shirov,A/Monte Carlo 2000/CBM 76/[Lutz] 
(32)}) 10... a5 11. Rb1 axb4 12. axb4 Nd5 (12... O-O 13. O-O Nd5 14. Nxd5 exd5
15. Qc2 h6 16. Bd2 Nb6 17. e4 dxe4 18. Bxe4 Nd5 19. Rfe1 Ra4 20. Bxd5 cxd5 21.
Qd3 Bc6 22. Ne5 Bd7 23. Qf3 $14 {1-0 Koniushkov,I-Mukhametov,E/St Petersburg
1994/CBM 41 (54)}) 13. Nxd5 exd5 14. e4 {Der typische Vorstoß in derartigen
Strukturen.} dxe4 15. Bxe4 Nf6 (15... Bxb4+ $5 16. Rxb4 Qe7 17. Rb3 f5 $13) 16.
Bg5 h6 17. Bxf6 Qxf6 18. O-O O-O 19. Re1 Rfe8 20. Bc2 g6 $6 {Der Isolani d4
gibt Weiß das schöne Springerfeld e5 und der Lb7 steht schlecht. Aber momentan
steht Weiß höchstens leicht besser, erst durch das langsame Spiel des
Schwarzen gelangt Weiß zu ernsthaftem Druckspiel. Es scheint mir, dass Schwarz
nach dem Abtausch der Türme streben soll, da dann auch die Schwäche des Pb4
zur Geltung kommt.} (20... Rxe1+ 21. Qxe1 Qe7 22. Qc3 Re8 23. Re1 Qf8 24. Rxe8
Qxe8 25. Ne5 Qe7 26. Bb3 $14) (20... Kf8 $5 21. Qd2 (21. Qd3 Rxe1+) 21... Rxe1+
22. Rxe1 Re8 23. Rxe8+ Kxe8 24. Qe3+ Kd8 {/\ ...Kc7}) 21. Qd2 Kg7 22. Qc3 $14 {
Auf c3 steht die Dame ideal: Sie deckt die Bauern b4 und d4 und wirkt entlang
der langen Diagonalen nach e5 und g7.} Rac8 23. Ne5 $1 {Jetzt bekommt Schwarz
langsam Probleme. Unter dem Schutzt des Springers kann Weiß seine Türme
aufmarschieren lassen. Ausserdem wird durch den Druck gegen c6 der Bb7 zur
Passivität verurteilt.} Re7 (23... Qg5 24. g3) 24. Re3 Rce8 25. Rbe1 {Die
Türme auf der e-Linie entfalten unterschiedliche Wirkung: Während Weiß seine
Türme aktiv einsetzen kann (es hängt immer dier Drohung Re3-f3 in der Luft)
müssen die schwarzen Türme passiv bleiben.} Qg5 {Will der Drohung Rf3
vorbeugen, aber jetzt hängt auch einmal der Abzug d4-d5 in der Luft.} (25... h5
$142) 26. g3 $1 {Nimmt der schwarzen Dame das Feld f4 und droht h2-h4.} Re6 $2
{Dieser Fehler kostet einen Bauern.} (26... Bc7 27. h4 Qf6 (27... Qh5 28. Nxg6
{/\} Rxe3 29. Rxe3 Rxe3 30. Qxe3 fxg6 31. Qe7+ $18) 28. Ng4 Rxe3 (28... Qd6 29.
d5+ $18) 29. Rxe3 Rxe3 30. Qxe3 Qe6 31. Qxh6+ $16) (26... f5 27. Bd3 {/\ Bf1-g2
}) (26... h5 $5 27. h4 Qf6 {stellt eine teuflische Falle:} (27... Qh6 28. Bb3)
28. Rf3 $2 (28. Bb3 $16) 28... Bxb4 $1 29. Qxb4 Rxe5 30. Rxe5 (30. Rxf6 Rxe1+ {
/\ ...c5+}) 30... Qxf3 {/\} 31. Rxe8 c5 $1 $19) 27. Bb3 R6e7 28. Nxf7 Rxe3 29.
fxe3 Qe7 30. Nxd6 Qxd6 31. Rf1 Rf8 32. d5+ Rf6 33. e4 cxd5 34. exd5 Qb6+ 35.
Kg2 Qd8 36. Qd4 Kf7 37. Re1 Rf5 (37... Rd6 $142) 38. Kg1 $18 Qd6 39. Qa7 (39.
Re6 Qd7 40. d6 $18) 39... Qd7 40. d6+ Kf8 41. Qd4 1-0